Активирующее действие солей фосфора при селекции медно-молибденового концентрата; Обогащение руд цветных металлов и золота

Dades bibliogràfiques
Parent link:Обогащение руд цветных металлов и золота.— 1974.— С. 26-30
Autor principal: Черепанова Л. И.
Altres autors: Попов Р. Л.
Idioma:rus
Publicat: 1974
Format: MixedMaterials Capítol de llibre
KOHA link:https://koha.lib.tpu.ru/cgi-bin/koha/opac-detail.pl?biblionumber=218559

MARC

LEADER 00000naa2a2200000 4500
001 218559
005 20231031194923.0
035 |a (RuTPU)RU\TPU\book\238589 
035 |a RU\TPU\book\238587 
090 |a 218559 
100 |a 20120622d1974 k y0rusy50 ca 
101 0 |a rus 
102 |a UZ 
200 1 |a Активирующее действие солей фосфора при селекции медно-молибденового концентрата  |f Л. И. Черепанова, Р. Л. Попов 
463 0 |0 (RuTPU)RU\TPU\book\238542  |t Обогащение руд цветных металлов и золота  |o сборник научных трудов  |f Среднеазиатский научно-исследовательский и проектный институт цветной металлургии  |v С. 26-30  |d 1974  |p 147 с.  |s Научные труды ; № 10 
700 1 |a Черепанова  |b Л. И. 
701 1 |a Попов  |b Р. Л. 
801 1 |a RU  |b 63413507  |c 20120622 
801 2 |a RU  |b 63413507  |c 20120622  |g RCR 
942 |c BK